| 000 | 00792nam a2200217 i 4500 | ||
|---|---|---|---|
| 001 | 134584 | ||
| 003 | ES-MaACL | ||
| 005 | 20230906194714.0 | ||
| 007 | t| | ||
| 008 | 070912s1967 fr ||||1| fre d | ||
| 080 | _a(054) | ||
| 245 | 0 | 0 |
_aJournal de Paris _b: la révolution française au jour le jour / _caccompagne d'une iconographie de la révolution française par l'affiche par André Rossel ; maquette de François Doat. |
| 260 |
_aParis : _bEditions les Yeux Ouverts, _c[1968] |
||
| 300 |
_a1718 p. ; _c23 p. |
||
| 500 | _aBiblioteca Jacinto Martínez Lacalle. | ||
| 500 | _aReprod. facs. | ||
| 505 | 8 | _aContiene: Vol. I: 14 jullier 1789-30 décembre 1789 | |
| 700 | 1 |
_aRossel, André. _999831 |
|
| 700 | 1 |
_aDoat, François. _944926 |
|
| 852 |
_aES-MaACL _jE-12117 _bR.140383 |
||
| 999 |
_c134584 _d134584 |
||